000 00808nam2a22002051 4500
001 rc\1099735
005 20250622191954.0
035 _a(NLR Aleph) 006377345
090 _a5052613
_c5052613
100 _a20041126d1983 |||y0rusy50 ca
101 0 _arus
102 _aRU
105 _ay |||||||||
200 1 _aПервая встреча
_fГурский Н.Т.
461 0 _1001rc\1099734
_12001#$aВымпел$eКассета военных поэтов Приморья$e5 кн. в обертке$v[1]
_95052604
_cВладивосток
_d1983
_nДальневост. кн. изд-во
_oКассета военных поэтов Приморья : 5 кн. в обертке
_tВымпел
_v[1]
801 0 _aRU
_bNLR
_gpsbo
801 1 _aRU
_bELAR
_2rusmarc
852 _aNLR
_j83-2/2970
942 _cBOOK
980 _aNB